<?xml version="1.0" encoding="UTF-8"?>
<record
    xmlns:xsi="http://www.w3.org/2001/XMLSchema-instance"
    xsi:schemaLocation="http://www.loc.gov/MARC21/slim http://www.loc.gov/standards/marcxml/schema/MARC21slim.xsd"
    xmlns="http://www.loc.gov/MARC21/slim">

  <leader>019520000a22002170004500</leader>
  <datafield tag="020" ind1=" " ind2=" ">
    <subfield code="a">0-19-826326-0</subfield>
  </datafield>
  <datafield tag="082" ind1="0" ind2="4">
    <subfield code="a">G 232.09 H87g</subfield>
  </datafield>
  <datafield tag="100" ind1="1" ind2=" ">
    <subfield code="a">Hurst, L. D., (Editor)</subfield>
  </datafield>
  <datafield tag="245" ind1="1" ind2="0">
    <subfield code="a">The glory of Christ in the New Testament : Studies in Christology / Edited by L. D. Hurst, N. T. Wright</subfield>
  </datafield>
  <datafield tag="260" ind1=" " ind2=" ">
    <subfield code="a">Oxford, England : Clarendon Press</subfield>
  </datafield>
  <datafield tag="300" ind1=" " ind2=" ">
    <subfield code="a">xxvii, 311 p&#xE1;ginas</subfield>
  </datafield>
  <datafield tag="500" ind1=" " ind2=" ">
    <subfield code="a">Incluye &#xED;ndices (p. 291-311)</subfield>
  </datafield>
  <datafield tag="501" ind1=" " ind2=" ">
    <subfield code="a">Pasta dura</subfield>
  </datafield>
  <datafield tag="505" ind1="0" ind2="0">
    <subfield code="a">Una biograf&#xED;a de George Bradford Caird, 1917-1984 - Palabras que significan "amor" en el griego del Nuevo Testamento - Canon y cristolog&#xED;a - Algunos comentarios sobre el uso cristol&#xF3;gico del Antiguo Testamento - La gloria de Jes&#xFA;s, Marcos 10:37 - Una mirada a la cuenta de la transfiguraci&#xF3;n de San Marcos - La transfiguraci&#xF3;n en la teolog&#xED;a de Lucas - La interpretaci&#xF3;n del milagro del vino en Cana&#xE1;n: Juan 2: 1-11 - &#xBF;Es la cristolog&#xED;a de Juan adopcionista? - La iron&#xED;a en la cristolog&#xED;a del cuarto evangelista - Gloria reflejada: 2 Corintios 3:18 - La cristolog&#xED;a de Hebreos 1 y 2 - &#xBF;Qui&#xE9;nes fueron los h&#xE9;roes - El escepticismo acad&#xE9;mico, la realidad espiritual y la transfiguraci&#xF3;n - El Jes&#xFA;s hist&#xF3;rico y la teolog&#xED;a del Nuevo Testamento - Una ortodoxia reconsiderada: el "El Jes&#xFA;s del fin del mundo" - Reflexiones sobre el llamado "triunfalismo" - Cristo el sacrificio: Aspectos de la lengua y las im&#xE1;genes de la Biblia - Cristo como agente - "Una luz a los gentiles": El significado del camino a Damasco para Pablo - Comentario sobre el libro del profesor J. G. Dunn, "Cristolog&#xED;a en formaci&#xF3;n : Investigaci&#xF3;n sobre los or&#xED;genes de la doctrina de la encarnaci&#xF3;n en el Nuevo Testamento" - Un debate patr&#xED;stico sobre el Logos</subfield>
  </datafield>
  <datafield tag="650" ind1="1" ind2="4">
    <subfield code="a">Cristolog&#xED;a \ Biblia N.T. - Interpretaci&#xF3;n \ Biblia - comentarios</subfield>
  </datafield>
  <controlfield tag="001">19556</controlfield>
  <datafield tag="942" ind1=" " ind2=" ">
    <subfield code="c">BK</subfield>
  </datafield>
  <datafield tag="952" ind1=" " ind2=" ">
    <subfield code="0">0</subfield>
    <subfield code="1">0</subfield>
    <subfield code="4">0</subfield>
    <subfield code="7">0</subfield>
    <subfield code="8">GEN</subfield>
    <subfield code="a">FUSBC</subfield>
    <subfield code="b">FUSBC</subfield>
    <subfield code="d">2015-04-27</subfield>
    <subfield code="l">0</subfield>
    <subfield code="o">G 232.09 H87g </subfield>
    <subfield code="p">19617</subfield>
    <subfield code="r">2019-12-12 00:00:00</subfield>
    <subfield code="t">1</subfield>
    <subfield code="w">2016-01-26</subfield>
    <subfield code="y">BK</subfield>
    <subfield code="B">0</subfield>
    <subfield code="C">3</subfield>
  </datafield>
  <datafield tag="999" ind1=" " ind2=" ">
    <subfield code="c">45919</subfield>
    <subfield code="d">45919</subfield>
  </datafield>
  <datafield tag="336" ind1=" " ind2=" ">
    <subfield code="a">texto</subfield>
    <subfield code="b">txt</subfield>
    <subfield code="2">rdacontent</subfield>
  </datafield>
  <datafield tag="337" ind1=" " ind2=" ">
    <subfield code="2">rdamedia</subfield>
    <subfield code="a">sin mediaci&#xF3;n</subfield>
    <subfield code="b">n</subfield>
  </datafield>
  <datafield tag="338" ind1=" " ind2=" ">
    <subfield code="2">rdacarrier</subfield>
    <subfield code="a">volumen</subfield>
    <subfield code="b">nc</subfield>
  </datafield>
</record>
